Statistics for Countries that will gain over 200 million people first.

Click here to take the quiz!

General Stats

  • This quiz has been taken 23 times
  • The average score is 8 of 12

Answer Stats

CountryYear% Correct
Egypt2348
83%
Ethiopia2070
83%
Russia4464
83%
DR Congo2072
78%
Tanzania2073
78%
Bangladesh2122
74%
Mexico3781
74%
Kenya6629
65%
Iran4629
61%
Uganda2940
61%
Philippines2537
48%
Ivory Coast4784
13%

Score Distribution

Percentile by Number Answered

Percent of People with Each Score

Your Score History

You have not taken this quiz